| 000 | 00649nam a22001697a 4500 | ||
|---|---|---|---|
| 999 |
_c14872 _d14872 |
||
| 008 | 200123b ||||| |||| 00| 0 eng d | ||
| 082 |
_22019 _aUT 1413 _bF66 |
||
| 100 |
_aFlores, Lorven John B. _941284 |
||
| 245 |
_aMulticultural Attitudes Among Elementary School Teachers/ _cLorven John B.Flores, Cara Yvonne L. Guazon & Mark Jason J. Ortiza |
||
| 260 |
_aDigos City _bUMDC _cDecember 2019 |
||
| 300 |
_a28 pages _c30 cm |
||
| 650 |
_aTeacher Education _vElementary _xUndergraduate Thesis _941208 |
||
| 700 |
_aFlores, Lorven John B. _941284 |
||
| 700 |
_aGuanzon,Cara Yvonne L. _941285 |
||
| 700 |
_a Ortiza,Mark Jason J. _941286 |
||
| 942 |
_2ddc _cUT |
||